Roberto Obregón: alcanzar la altura de la estrella hundiendo la mano en el charco que refleja/

שמור ב:
מידע ביבליוגרפי
מחבר ראשי: Morales, Mario Roberto (Autor)
פורמט: ספר
שפה:Spanish
תגים: הוספת תג
אין תגיות, היה/י הראשונ/ה לתייג את הרשומה!

MARC

LEADER 00000nam a22000007a 4500
003 cru IIS
005 20220426102506.0
008 220426b |||||||| |||| 00| 0 spa d
040 |c cru IIS 
100 1 |9 10379  |a Morales, Mario Roberto  |e Autor 
245 1 |a Roberto Obregón:  |b alcanzar la altura de la estrella hundiendo la mano en el charco que refleja/  |c Mario Roberto Morales 
300 |a 29 páginas 
500 |a Colección Centroamérica 
773 0 |0 18901  |9 6982  |a Universidad de Costa Rica.  |d San José, Costa Rica CSUCA, 1986-  |o 21993  |t Cuadernos de Investigación CSUCA / 
942 |2 ddc  |c PP 
999 |c 44184  |d 44184